[Event "Jonkoping op"]
[Site "Jonkoping"]
[Date "1988.??.??"]
[Round "1"]
[White "Folkelind, Peter"]
[Black "Sjogren, Peter"]
[Result "0-1"]
[WhiteElo "1383"]
[BlackElo "1833"]
[PlyCount "82"]
[EventDate "1988.??.??"]
[EventType "swiss"]
[EventRounds "7"]
[EventCountry "SWE"]
[SourceTitle "EXT 2001"]
[Source "ChessBase"]
[SourceDate "2000.11.22"]
[SourceVersion "1"]
[SourceVersionDate "2000.11.22"]
[SourceQuality "1"]

1. e4 e6 2. d4 d5 3. Nc3 Nf6 4. e5 Nfd7 5. Bd3 c5 6. dxc5 Nxc5 7. Bf4 Nxd3+ 8. Qxd3 Qa5 9. Qb5+ Qxb5 10. Nxb5 Na6 11. Nf3 Bc5 12. Nd6+ Ke7 13. Nxc8+ Raxc8 14. 0-0 f6 15. Rfe1 Kf7 16. c3 Bb6 17. Rad1 Rhe8 18. Be3 Rc6 19. Nd4 Bxd4 20. Bxd4 b6 21. f4 Nc7 22. a4 a5 23. Kf2 Na6 24. Rd2 Nc5 25. Bxc5 bxc5 26. Rc2 Rb8 27. Kf3 Rcb6 28. Rb1 Rb3 29. g4 R8b6 30. h3 g6 31. exf6 Kxf6 32. Ke3 e5 33. fxe5+ Kxe5 34. h4 d4+ 35. Kd2 dxc3+ 36. Rxc3 Rxc3 37. Kxc3 Rb4 38. Re1+ Kf4 39. Re8 h5 40. gxh5 gxh5 41. Rh8 Kg4 0-1